Faculty of Law Library — Cairo University

Official Online Catalog

نظام الحكومة النبوية. (Record no. 41184)

MARC details
000 -LEADER
fixed length control field 01314nam a2200313 i 4500
003 - CONTROL NUMBER IDENTIFIER
control field EG-GICUC
005 - DATE AND TIME OF LATEST TRANSACTION
control field 20260121101147.0
008 - FIXED-LENGTH DATA ELEMENTS--GENERAL INFORMATION
fixed length control field 251105s19-- mr ||||fr|||| 000 0 ara d
040 ## - CATALOGING SOURCE
Original cataloging agency EG-GICUC
Transcribing agency EG-GICUC
Modifying agency EG-GICUC
Description conventions rda
041 0# - LANGUAGE CODE
Language code of text/sound track or separate title ara
082 04 - DEWEY DECIMAL CLASSIFICATION NUMBER
Edition number 21
Classification number 257.1
Item number ا ل . ن
092 04 - LOCALLY ASSIGNED DEWEY CALL NUMBER (OCLC)
Edition number 21
099 ## - LOCAL FREE-TEXT CALL NUMBER (OCLC)
Classification number Law1 01 257.1 ا ل . ن [1900]
100 3# - MAIN ENTRY--PERSONAL NAME
Personal name الادريسي
Relator term مؤلف.
245 10 - TITLE STATEMENT
Title نظام الحكومة النبوية.
Number of part/section of a work الجزء الثاني /
Remainder of title للشيخ الأكبر مولانا عبد الحي بن رباني الامة شيخ المشايخ مولانا عبدالكبير الكتاني الادريسي الحسني الفاسي.
246 23 - VARYING FORM OF TITLE
Title proper/short title المسمي (التراتيب الادارية)
264 #1 - PRODUCTION, PUBLICATION, DISTRIBUTION, MANUFACTURE, AND COPYRIGHT NOTICE
Place of production, publication, distribution, manufacture الرباط :
Name of producer, publisher, distributor, manufacturer اامطبعة الوطنية،
Date of production, publication, distribution, manufacture, or copyright notice [1900].
300 ## - PHYSICAL DESCRIPTION
Extent 521 صفحة :
Other physical details صفحات غير مرقمة ؛
Dimensions 24 سم.
336 ## - CONTENT TYPE
Source rda content
Content type term text
337 ## - MEDIA TYPE
Source rda media
Media type term Computer
338 ## - CARRIER TYPE
Source rda carrier
Carrier type term Online Resource
504 ## - BIBLIOGRAPHY, ETC. NOTE
Bibliography, etc. note يشتمل على إرجاعات ببليوجرافية.<br/><br/>
546 ## - LANGUAGE NOTE
Language note النص باللغة العربية
650 1# - SUBJECT ADDED ENTRY--TOPICAL TERM
Topical term or geographic name entry element النظام السياسي
Source of heading or term qrmak
651 1# - SUBJECT ADDED ENTRY--GEOGRAPHIC NAME
Source of heading or term qrmak
856 40 - ELECTRONIC LOCATION AND ACCESS
Uniform Resource Identifier <a href="https://fll.law.cu.edu.eg/fulltext/bks/B01-03142.pdf">https://fll.law.cu.edu.eg/fulltext/bks/B01-03142.pdf</a>
905 ## - Cataloger and Reviser Names
Cataloger Name:
942 ## - ADDED ENTRY ELEMENTS (KOHA)
Source of classification or shelving scheme Dewey Decimal Classification
Suppress in OPAC No
Koha item type Books
Edition 21
Holdings
Withdrawn status Lost status Source of classification or shelving scheme Damaged status Not for loan Collection Home library Current library Date acquired Total checkouts Full call number Barcode Date last seen Copy number Price effective from Koha item type
    Dewey Decimal Classification   Not for loan الشريعة الإسلامية جــــامعة القــاهرة مكتبة كلية الحقوق - المبنى الرئيسي 05.11.2025   Law1 01 257.1 ا ل . ن [1900] 0103142 V2, C1 B01-03142 05.11.2025 1 05.11.2025 Books

© All rights reserved — Faculty of Law, Cairo University